| 000 | 00831nam a22002175i 4500 | ||
|---|---|---|---|
| 001 | 165134 | ||
| 003 | ES-MaACL | ||
| 005 | 20230906213055.0 | ||
| 008 | 990921s1897 fr |||| | fre d | ||
| 040 |
_aCCPB | B _bspa _cCCPB | B |
||
| 100 | 1 |
_aSeignobos, Charles ( _d1854-1942) _9105259 |
|
| 245 | 1 | 0 |
_aHistoire politique de l'Europe contemporaine _b: évolution des partis et des formes politique 1814-1896 / _cpar Ch. Seignobos. |
| 260 |
_aParis : _bArmand Colin et C\pie\s, _c1897. |
||
| 300 |
_aXII, 814 p. ; _c22 cm. |
||
| 596 | 1 | _aMarca tip. en port. | |
| 597 | 1 | _aAntep. | |
| 651 |
_aEuropa- _xHistoria- _yS. \RXIX\R. _9234166 |
||
| 752 |
_aFrancia - _dParís |
||
| 852 |
_aES-MaACL _jG-15219 _z-- Enc. pasta española _q-- Falto de la port. _z-- Podría tratarse de cualquier ed. de esta obra |
||
| 999 |
_c165134 _d165134 |
||